Environmental science : (Record no. 3951)
[ view plain ]
| 000 -LEADER | |
|---|---|
| fixed length control field | 00689cam a2200205 4500 |
| 001 - CONTROL NUMBER | |
| control field | 4763 |
| 005 - DATE AND TIME OF LATEST TRANSACTION | |
| control field | 20181127174039.0 |
| 008 - FIXED-LENGTH DATA ELEMENTS--GENERAL INFORMATION | |
| fixed length control field | 110414s2012 nyuab 001 0 eng |
| 010 ## - LIBRARY OF CONGRESS CONTROL NUMBER | |
| LC control number | 2011015578 |
| 020 ## - INTERNATIONAL STANDARD BOOK NUMBER | |
| International Standard Book Number | 9780073383255 (hard copy : alk. paper) |
| International Standard Book Number | 9789339221263 |
| 100 1# - MAIN ENTRY--PERSONAL NAME | |
| Personal name | Cunningham, William P. |
| 245 10 - TITLE STATEMENT | |
| Title | Environmental science : |
| Remainder of title | a global concern / |
| Statement of responsibility, etc. | William P. Cunningham, Mary Ann Cunningham. |
| 250 ## - EDITION STATEMENT | |
| Edition statement | 13th ed. |
| 260 ## - PUBLICATION, DISTRIBUTION, ETC. | |
| Place of publication, distribution, etc. | New Delhi : |
| Name of publisher, distributor, etc. | McGraw-Hill Companies, Inc., |
| Date of publication, distribution, etc. | 2015. |
| 300 ## - PHYSICAL DESCRIPTION | |
| Extent | xxvi, 613 p. : |
| Other physical details | ill. (some col.), col. maps ; |
| Dimensions | 30 cm. |
| 500 ## - GENERAL NOTE | |
| General note | Includes index. |
| 650 #0 - SUBJECT ADDED ENTRY--TOPICAL TERM | |
| Topical term or geographic name entry element | Environmental sciences |
| Form subdivision | Textbooks. |
| 700 1# - ADDED ENTRY--PERSONAL NAME | |
| Personal name | Cunningham, Mary Ann. |
| Withdrawn status | Lost status | Source of classification or shelving scheme | Damaged status | Not for loan | Collection code | Home library | Current library | Shelving location | Date acquired | Serial Enumeration / chronology | Inventory number | Total Checkouts | Full call number | Barcode | Date last seen | Copy number | Price effective from | Koha item type | Date last checked out |
|---|---|---|---|---|---|---|---|---|---|---|---|---|---|---|---|---|---|---|---|
| Dewey Decimal Classification | Main TEST | RTC Library | RTC Library | Main opac | 05/05/2023 | 7534 | 363.7 CUN | 30007628 | 05/05/2023 | 2 | 27/11/2018 | Main | |||||||
| Dewey Decimal Classification | Main TEST | RTC Library | RTC Library | Main opac | 18/10/2023 | 7532 | 3 | 363.7 CUN | 30007647 | 18/10/2023 | 1 | 27/11/2018 | Main | 15/03/2020 | |||||
| Dewey Decimal Classification | Main TEST | RTC Library | RTC Library | Main opac | 23/12/2021 | 7533 | 363.7 CUN | 30007643 | 28/02/2022 | 3 | 27/11/2018 | Main |